[Event "POL-ch U15 Qual"]
[Site "Jastrzebia Gora"]
[Date "2021.11.19"]
[Round "7"]
[White "Daszkiewicz, Adrian"]
[Black "Fojcik, Kacper"]
[Result "0-1"]
[WhiteElo "1564"]
[BlackElo "1345"]
[PlyCount "80"]
[EventDate "2021.11.15"]
[EventType "swiss"]
[EventRounds "9"]
[EventCountry "POL"]
[SourceTitle "EXT 2023"]
[Source "ChessBase"]
[SourceDate "2022.10.05"]
[SourceVersion "1"]
[SourceVersionDate "2022.10.05"]
[SourceQuality "1"]

1. e4 c6 2. d4 d5 3. Nc3 dxe4 4. Nxe4 Bf5 5. Ng3 Bg6 6. Bc4 e6 7. N1e2 Bd6 8. 0-0 Qc7 9. f4 Nh6 10. Bd3 Nd7 11. f5 Nxf5 12. Nxf5 Bxh2+ 13. Kh1 Bxf5 14. Bxf5 exf5 15. Qd3 Bd6 16. Qxf5 0-0-0 17. c4 c5 18. b4 cxd4 19. c5 Be5 20. Nf4 g6 21. Qh3 Qc6 22. Nd3 Qe6 23. Qf3 Bc7 24. Bf4 Bxf4 25. Nxf4 Qc6 26. Nd5 Qe6 27. c6 bxc6 28. Nf4 Qd6 29. Rfc1 Ne5 30. Qe2 d3 31. Qd2 g5 32. Nh3 Kb7 33. Qxg5 Rhg8 34. Qf4 Rg4 35. Qh2 Rdg8 36. Rc5 f6 37. Rac1 d2 38. Rd1 Rxg2 39. Qxg2 Rxg2 40. Kxg2 Qd3 0-1

[Event "POL-ch U15 Qual"]
[Site "Jastrzebia Gora"]
[Date "2021.11.18"]
[Round "6"]
[White "Cieply, Krzysztof"]
[Black "Daszkiewicz, Adrian"]
[Result "1-0"]
[WhiteElo "1487"]
[BlackElo "1564"]
[PlyCount "89"]
[EventDate "2021.11.15"]
[EventType "swiss"]
[EventRounds "9"]
[EventCountry "POL"]
[SourceTitle "EXT 2023"]
[Source "ChessBase"]
[SourceDate "2022.10.05"]
[SourceVersion "1"]
[SourceVersionDate "2022.10.05"]
[SourceQuality "1"]

1. e4 c5 2. Nc3 d6 3. f4 g6 4. Nf3 Bg7 5. Bb5+ Bd7 6. 0-0 Bxb5 7. Nxb5 Nc6 8. d3 Nf6 9. Nc3 0-0 10. Qe1 e5 11. f5 d5 12. Bg5 dxe4 13. Nxe4 Nd4 14. Nxf6+ Bxf6 15. Bxf6 Qxf6 16. Nxd4 exd4 17. fxg6 Qxg6 18. Rf3 Qe6 19. Qh4 f5 20. Rh3 Rf7 21. Re1 Qd6 22. Rg3+ Kh8 23. Qg5 Raf8 24. Rf3 Rg7 25. Qf4 Qxf4 26. Rxf4 Rff7 27. Re5 b6 28. Rfxf5 Rxf5 29. Rxf5 Re7 30. Kf2 Kg7 31. a4 Rc7 32. b3 Rc6 33. Re5 Rc7 34. g4 Rf7+ 35. Kg2 Kf6 36. Rf5+ Ke6 37. Rxf7 Kxf7 38. Kf3 Kf6 39. Kf4 h6 40. h4 Ke6 41. g5 hxg5+ 42. hxg5 Kf7 43. Kf5 Kg7 44. g6 Kf8 45. Kf6 1-0